000 00613nam a2200241Ia 4500
003 OSt
005 20220918180207.0
006 a|||||r|||| 00| 0
007 ta
008 220917b |||||||| |||| 00| 0 eng d
024 _a21,049
037 _cTextual
040 _aARTS
_cARTS
_beng
041 _2eng
_aeng
082 _aO:3M85:9, J0
100 _aWest Anthony
_955811
245 0 _aD H Lawrence
260 _c1950
490 _aEnglish novelists ed by Herbert Van Thal; 3
650 _aENGLISH LITERATURE
942 _hO:3M85:9, J0
_cTEXL
_2CC
999 _c160669
_d160669